Some Speed Typing - Statistics

General Stats
  • This quiz has been taken 62 times
  • The average score is 39 of 104
Answer Stats
Hint Answer % Correct
a a
100%
p p
100%
t t
100%
k k
96%
k k
96%
o o
96%
u u
96%
o o
92%
t t
88%
a a
85%
p p
85%
a a
81%
k k
81%
k k
81%
o o
81%
o o
81%
t t
81%
u u
81%
p p
77%
k k
69%
k k
69%
o o
69%
u u
69%
o o
65%
t t
65%
a a
62%
p p
62%
k k
54%
k k
54%
o o
54%
u u
54%
a a
50%
o o
50%
t t
50%
k k
46%
p p
46%
u u
46%
k k
42%
o o
42%
o o
42%
a a
38%
k k
38%
k k
38%
o o
38%
o o
38%
p p
38%
t t
38%
t t
38%
u u
38%
a a
35%
p p
35%
u u
31%
k k
27%
k k
27%
o o
27%
a a
15%
a a
15%
k k
15%
k k
15%
o o
15%
o o
15%
o o
15%
p p
15%
p p
15%
t t
15%
t t
15%
u u
15%
a a
12%
a a
12%
k k
12%
k k
12%
k k
12%
k k
12%
k k
12%
k k
12%
o o
12%
o o
12%
o o
12%
o o
12%
o o
12%
o o
12%
p p
12%
p p
12%
t t
12%
t t
12%
u u
12%
u u
12%
u u
12%
a a
8%
p p
8%
t t
8%
a a
4%
k k
4%
k k
4%
k k
4%
k k
4%
o o
4%
o o
4%
o o
4%
o o
4%
p p
4%
t t
4%
u u
4%
u u
4%
No matching quizzes found
Score Distribution
Percent of People with Each Score
Percentile by Number Answered
Your Score History
You have not taken this quiz